The disaster of the Hindenburg : (Record no. 3094)

MARC details
000 -LEADER
fixed length control field 01051cam a2200289 a 4500
005 - DATE AND TIME OF LATEST TRANSACTION
control field 20250122151128.0
020 ## - INTERNATIONAL STANDARD BOOK NUMBER
International Standard Book Number 9780590457514
040 ## - CATALOGING SOURCE
Original cataloging agency DLC
Transcribing agency DLC
Modifying agency DLC
Language of cataloging eng
050 00 - LIBRARY OF CONGRESS CALL NUMBER
Classification number TL659.H5
Item number 1993
082 00 - DEWEY DECIMAL CLASSIFICATION NUMBER
Classification number 303
100 1# - MAIN ENTRY--PERSONAL NAME
Personal name Tanaka, Shelley
245 14 - TITLE STATEMENT
Title The disaster of the Hindenburg :
Remainder of title the last flight of the greatest airship ever built /
Statement of responsibility, etc. by Shelley Tanaka.
260 ## - PUBLICATION, DISTRIBUTION, ETC.
Place of publication, distribution, etc. New York :
Name of publisher, distributor, etc. Scholastic ,
Date of publication, distribution, etc. 1993
300 ## - PHYSICAL DESCRIPTION
Extent 64 pages :
Other physical details color illustrations , maps ,
Dimensions 29 cm.
490 ## - SERIES STATEMENT
Series statement Time Quest
505 ## - FORMATTED CONTENTS NOTE
Formatted contents note Z <br/>
520 ## - SUMMARY, ETC.
Summary, etc. Describes the last voyage of the zeppelin, or airship, Hindenburg, which crashed in flames on a New Jersey airfield in 1937, and examines some possible causes for the disaster.
521 ## - TARGET AUDIENCE NOTE
Target audience note 940 <br/>
Source Lexile <br/>
521 ## - TARGET AUDIENCE NOTE
Target audience note Z <br/>
Source Raz-Plus <br/>
650 #0 - SUBJECT ADDED ENTRY--TOPICAL TERM
Topical term or geographic name entry element Aircraft accidents
General subdivision Juvenile literature.
650 #0 - SUBJECT ADDED ENTRY--TOPICAL TERM
Topical term or geographic name entry element Airships
Geographic subdivision Germany
Form subdivision Juvenile literature.
650 #1 - SUBJECT ADDED ENTRY--TOPICAL TERM
Topical term or geographic name entry element Airships.
650 #1 - SUBJECT ADDED ENTRY--TOPICAL TERM
Topical term or geographic name entry element Aircraft accidents.
906 ## - LOCAL DATA ELEMENT F, LDF (RLIN)
a 7
b cbc
c orignew
d 1
e ocip
f 19
g y-gencatlg
942 ## - ADDED ENTRY ELEMENTS (KOHA)
Source of classification or shelving scheme Dewey Decimal Classification
Koha item type Books
Suppress in OPAC No
999 ## -
-- 3094
-- 3094
Holdings
Withdrawn status Lost status Source of classification or shelving scheme Damaged status Not for loan Collection Home library Current library Shelving location Date acquired Total Checkouts Full call number Barcode Date last seen Copy number Price effective from Koha item type
    Dewey Decimal Classification     Non-Fiction Footprints International School Library Network Toul Kork Campus Footprints International School Library Network Toul Kork Campus TTP Secondary Non-Fiction Bookshelves 02/05/2024   TAN 363.12 TL659.H5 FIS04698 02/05/2024 1 02/05/2024 Books
    Dewey Decimal Classification     Non-Fiction Footprints International School Library Network Toul Kork Campus Footprints International School Library Network Toul Kork Campus TTP Secondary Non-Fiction Bookshelves 02/05/2024   TAN 363.12 TL659.H5 FISSE01184 01/21/2025 2 02/05/2024 Books